000 00500nam a2200181Ia 4500
008 140626s9999 xx 000 0 und d
100 _aCampos, Patrick.
245 4 _aThe Intersection of Philippine and global film cultures in the new urban realist film /
_c Patrick.Campos
260 _cc2011.
300 _a8 : 1, page 1
440 _aPlaridel
521 _aMC
650 _aCity studies.
650 _aFilm culture.
650 _aPhilippine cinema.
650 _aRealism.
942 _cSE
999 _c121238
_d121238